| 000 | 00917aam a2200277 a 4500 | ||
|---|---|---|---|
| 020 | _a971561437X | ||
| 020 | _a971561440X | ||
| 020 | _a9715614361 | ||
| 020 | _a9715614426 | ||
| 020 | _a9715614353 | ||
| 020 | _a9715614388 | ||
| 020 | _a9715614418 | ||
| 040 | _cDLC | ||
| 082 | _a333 IND 2002 C023 Or. | ||
| 245 | 0 | 0 | _aIndigenous peoples/ethnic minorities and poverty reduction |
| 260 |
_aManila, Philippines : _bEnvironment and Social Safeguard Division, Regional and Sustainable Development Dept., Asian Development Bank, _cc2002 |
||
| 300 |
_a7 v. : _bcol. maps ; _c28 cm |
||
| 500 | _a"June 2002." | ||
| 500 | _a"Publication stock no. 030602, no. 030902, no. 030502, no. 031102, no. 030402, no. 030702, no. 031002"--T.p. verso | ||
| 650 | 0 | _aIndigenous peoples | |
| 650 | 0 | _aPoverty | |
| 650 | 0 | _aIndigenous peoples | |
| 650 | 0 | _aPoverty | |
| 710 | 2 | _aAsian Development Bank. | |
| 942 | _cAEDBB | ||
| 999 |
_c22376 _d22376 |
||